Григорий Распутин-Новый

Podrobná bibliografie
Hlavní autor: Варламов А. Н. Алексей Николаевич
Shrnutí:Книга известного писателя Алексея Варламова «Григорий Распутин-Новый» посвящена не просто одной из самых загадочных и скандальных фигур русской истории. Распутин — ключ к пониманию того, что произошло с Россией в начале XX века. Какие силы стояли за Распутиным и кто был против него? Как складывались его отношения с Церковью и был ли он хлыстом? Почему именно этот человек оказался в эпицентре политических и религиозных споров, думских скандалов и великокняжеско-шпионских заговоров? Что привлекало в «сибирском страннике» писателей и философов серебряного века — Розанова, Бердяева, Булгакова, Блока, Белого, Гумилёва, Ахматову, Пришвина, Клюева, Алексея Толстого? Был ли Распутин жертвой заговора «темных сил» или его орудием? Как объяснить дружбу русского мужика с еврейскими финансовыми кругами? Почему страстотерпица Александра Федоровна считала Распутина своим другом и ненавидела его родная ее сестра преподобно мученица Елизавета Федоровна? Какое отношение имеет убитый в 1916 году крестьянин к неудавшимся попыткам освобождения Царской Семьи из тобольского плена? Как сложились судьбы его друзей и врагов после революции? Почему сегодня одни требуют канонизации «оклеветанного старца», а другие против этого восстают? На сегодняшний день это самое полное жизнеописание Распутина, в котором использованы огромный исторический материал, новые документы, исследования и недавно открытые свидетельства современников той трагической эпохи.
Jazyk:ruština
Vydáno: Москва, Молодая гвардия, 2007
Edice:Жизнь замечательных людей: Серия биографий Вып. 1260 (1060)
Témata:
Médium: MixedMaterials Kniha
KOHA link:https://koha.lib.tpu.ru/cgi-bin/koha/opac-detail.pl?biblionumber=128130

MARC

LEADER 00000nam0a2200000 4500
001 128130
005 20231031132526.0
010 |a 9785235029569 
035 |a (RuTPU)RU\TPU\book\138584 
090 |a 128130 
100 |a 20071224d2007 m y0rusy50 ca 
101 0 |a rus 
102 |a RU 
105 |a ac z 001zb 
200 1 |a Григорий Распутин-Новый  |f А. Н. Варламов 
210 |a Москва  |c Молодая гвардия  |d 2007 
215 |a 851 с.  |c ил. 
225 1 |a Жизнь замечательных людей: Серия биографий  |v Вып. 1260 (1060) 
320 |a Библиография: с. 842-846. 
330 |a Книга известного писателя Алексея Варламова «Григорий Распутин-Новый» посвящена не просто одной из самых загадочных и скандальных фигур русской истории. Распутин — ключ к пониманию того, что произошло с Россией в начале XX века. Какие силы стояли за Распутиным и кто был против него? Как складывались его отношения с Церковью и был ли он хлыстом? Почему именно этот человек оказался в эпицентре политических и религиозных споров, думских скандалов и великокняжеско-шпионских заговоров? Что привлекало в «сибирском страннике» писателей и философов серебряного века — Розанова, Бердяева, Булгакова, Блока, Белого, Гумилёва, Ахматову, Пришвина, Клюева, Алексея Толстого? Был ли Распутин жертвой заговора «темных сил» или его орудием? Как объяснить дружбу русского мужика с еврейскими финансовыми кругами? Почему страстотерпица Александра Федоровна считала Распутина своим другом и ненавидела его родная ее сестра преподобно мученица Елизавета Федоровна? Какое отношение имеет убитый в 1916 году крестьянин к неудавшимся попыткам освобождения Царской Семьи из тобольского плена? Как сложились судьбы его друзей и врагов после революции? Почему сегодня одни требуют канонизации «оклеветанного старца», а другие против этого восстают? На сегодняшний день это самое полное жизнеописание Распутина, в котором использованы огромный исторический материал, новые документы, исследования и недавно открытые свидетельства современников той трагической эпохи. 
600 1 |a Распутин  |g Григорий Ефимович  |b Г. Е.  |c настоящая фамилия Новых  |c крестьянин Тобольской губернии  |f 1864/1865-1916  |c авантюрист, "прорицатель", "целитель"  |2 stltpush  |3 (RuTPU)RU\TPU\pers\1157 
610 1 |a история 
610 1 |a Россия 
610 1 |a 19 век 
610 1 |a 20 век 
610 1 |a государственные деятели 
686 |a Т3(2)524  |v LBC/SL-A  |2 rubbk 
700 1 |a Варламов  |b А. Н.  |g Алексей Николаевич 
801 1 |a RU  |b 63413507  |c 20071224  |g PSBO 
801 2 |a RU  |b 63413507  |c 20080319  |g PSBO 
942 |c BK